书目信息 |
| 题名: |
旅馆建筑空调设计
|
|
| 作者: | 何青 编著 | |
| 分册: | ||
| 出版信息: | 北京 中国建筑工业出版社 1995.11 |
|
| 页数: | 202页 | |
| 开本: | 32开 | |
| 丛书名: | ||
| 单 册: | ||
| 中图分类: | TU83 | |
| 科图分类: | ||
| 主题词: | 建筑--空气调节 , 房屋建筑设备:空气调节设备 , 房屋建筑设备:采暖设备 , 建筑--通风 , 房屋建筑设备:通风设备 | |
| 电子资源: | ||
| ISBN: | 7-112-02631-8 | |
| 000 | 00675nam0 2200229 45 | |
| 001 | 0009211133 | |
| 005 | 20000921112336.1 | |
| 010 | @a7-112-02631-8@dRMB 6.80 | |
| 100 | @a20000921d1995 km y0chiy0120 ea | |
| 101 | 0 | @achi |
| 200 | 1 | @a旅馆建筑空调设计@ALu Guan Jian Zhu Kong Diao She Ji@f何青编著@FHe Qing Bian Zhu |
| 210 | @a北京@c中国建筑工业出版社@d1995.11 | |
| 215 | @a202页@d32开 | |
| 606 | 0 | @a建筑@x空气调节 |
| 606 | 0 | @a房屋建筑设备:空气调节设备 |
| 606 | 0 | @a房屋建筑设备:采暖设备 |
| 606 | 0 | @a建筑@x通风 |
| 606 | 0 | @a房屋建筑设备:通风设备 |
| 690 | @aTU83@v3 | |
| 701 | 0 | @a何青@4编著 |
| 801 | @aCN@bPftUser@c20000921 | |
| 905 | @b150079-083@dTU83@eH205@f5 | |
| 旅馆建筑空调设计/何青编著.-北京:中国建筑工业出版社,1995.11 |
| 202页;32开 |
| ISBN 7-112-02631-8:RMB 6.80 |
| ● |
| 相关链接 |
|
|
|
正题名:旅馆建筑空调设计
索取号:TU83/H205
 
预约/预借
| 序号 | 登录号 | 条形码 | 馆藏地/架位号 | 状态 | 备注 |
| 1 | 150079 | 201500795 | 建筑库201/201建筑库 54排2列1层/ [索取号:TU83/H205] | 在馆 | |
| 2 | 150080 | 201500802 | 建筑库201/201建筑库 51排1列2层/ [索取号:TU83/H205] | 在馆 | |
| 3 | 150081 | 201500811 | 建筑库201/201建筑库 51排1列2层/ [索取号:TU83/H205] | 在馆 | |
| 4 | 150082 | 201500820 | 建筑库201/201建筑库 54排2列1层/ [索取号:TU83/H205] | 在馆 | |
| 5 | 150083 | 201500839 | 建筑库201/201建筑库 51排1列2层/ [索取号:TU83/H205] | 在馆 | |
| 6 | 356813 | 203568139 | 建筑库201/201建筑库 54排2列1层/ [索取号:TU83/H205] | 在馆 | |
| 7 | 356814 | 203568148 | 自科二线404/404自科库 16排3列4层/ [索取号:TU83/H205] | 在馆 | |
| 8 | 356815 | 203568157 | 自科二线404/404自科库 16排3列4层/ [索取号:TU83/H205] | 在馆 |